Fast Typing - The Longest Word in The English Dictionary - Statistics

General Stats
  • This quiz has been taken 100 times
  • The average score is 27 of 45
Answer Stats
Answer % Correct
N
95%
N
95%
N
95%
N
95%
E
92%
P
92%
P
92%
O
82%
O
82%
O
82%
O
82%
O
82%
O
82%
O
82%
O
82%
O
82%
M
79%
M
79%
U
79%
U
79%
A
50%
A
50%
T
50%
I
45%
I
45%
I
45%
I
45%
I
45%
I
45%
L
42%
L
42%
L
42%
R
42%
R
42%
S
34%
S
34%
S
34%
S
34%
C
32%
C
32%
C
32%
C
32%
C
32%
C
32%
V
24%
No matching quizzes found
Score Distribution
Percent of People with Each Score
Percentile by Number Answered
Your Score History
You have not taken this quiz